000 00600nam a2200193 i 4500
001 78283
003 ES-MaACL
007 t|
008 041013s1983 sp ||||1| spa d
100 1 _aHarvey, David.
_962016
245 1 0 _aTeorías, leyes y modelos en geografía /
_cDavid Harvey ; versión de Gloria Luna Rodrigo.
260 _a[Madrid] :
_bAlianza,
_c[1983]
300 _a499 p. ;
_c23 cm.
490 1 _aAlianza universidad. Textos
700 1 _aLuna Rodrigo, Gloria.
_974776
830 0 _aAlianza universidad. Textos
_9177885
852 _aES-MaACL
_jL-5354
_bR.105776
999 _c78283
_d78283